000 00761cam a22002293a 4500
001 42454
003 PGUSA
005 20140828083948.0
008 130401s2013||||xxu|||||s|||||000 | eng d
040 _aPGUSA
_beng
042 _adc
100 1 _aPlutarch,
_d46-119
245 1 0 _aΠλουτάρχου Βίοι Παράλληλοι - Τόμος 1 :
_bΘησεύς - Ρωμύλος - Λυκούργος - Νουμάς
_h[electronic resource] /
_cPlutarch
260 _bProject Gutenberg,
_c2013
500 _aParallel lives - Volume 1
506 _aPublic domain in the USA.
516 _aElectronic text
700 1 _aRangavis, Alexandros,
_d1809-1892
830 0 _aProject Gutenberg
_v42454
856 4 0 _uhttp://www.gutenberg.org/ebooks/42454
942 _cEB
999 _c271706
_d271706